Gitanjali : (Record no. 3724)
[ view plain ]
| 000 -LEADER | |
|---|---|
| fixed length control field | 00696nam a2200253 a 4500 |
| 001 - CONTROL NUMBER | |
| JCCL Control Number | 3724 |
| 003 - CONTROL NUMBER IDENTIFIER | |
| JCCL marc code | BD-JhCC |
| 005 - DATE AND TIME OF LATEST TRANSACTION | |
| control field | 20180306130907.0 |
| 008 - FIXED-LENGTH DATA ELEMENTS--GENERAL INFORMATION | |
| fixed length control field | 171116s2008 bg |||| |||| 000 0 eng d |
| 020 ## - INTERNATIONAL STANDARD BOOK NUMBER | |
| International Standard Book Number | 9840512129 |
| 035 ## - SYSTEM CONTROL NUMBER | |
| system control number | (BD-JhCC)3724 |
| 040 ## - CATALOGING SOURCE | |
| Original cataloging agency | BD-JhCC |
| Modifying agency | BD-JhCC |
| 041 ## - LANGUAGE CODE | |
| Language code of Book | eng |
| 082 ## - DEWEY DECIMAL CLASSIFICATION NUMBER | |
| Classification number | 891.4415 |
| Author mark and Year | RAB 2008 |
| 100 ## - MAIN ENTRY--PERSONAL NAME | |
| Personal name | Tagore, Rabindranath |
| 9 (RLIN) | 1 |
| 245 ## - TITLE STATEMENT | |
| Title | Gitanjali : |
| Remainder of title | Offering of Songs / |
| Statement of responsibility, etc | Rabindranath Tagore, Brother James [Translation] |
| 250 ## - EDITION STATEMENT | |
| Edition statement | Second Impression |
| 260 ## - PUBLICATION, DISTRIBUTION, ETC. (IMPRINT) | |
| Place of publication, distribution, etc | Dhaka : |
| Name of publisher, distributor, etc | The University Press Limited, |
| Date of publication, distribution, etc | 2008. |
| 300 ## - PHYSICAL DESCRIPTION | |
| Pagination | 176 p. : |
| Dimensions | 22 cm. |
| 650 ## - SUBJECT ADDED ENTRY--TOPICAL TERM | |
| Topical term or geographic name as entry element | Offering of Songs |
| 700 ## - ADDED ENTRY--PERSONAL NAME | |
| Personal name | Brother James |
| 942 ## - ADDED ENTRY ELEMENTS (KOHA) | |
| Source of classification or shelving scheme | Dewey Decimal Classification |
| Koha item type | Books |
| Source of classification or shelving scheme | Damaged status | Not for loan | Home library | Current library | Shelving location | Date of accession | Cost, normal purchase price | Total Checkouts | Full call number | Barcode | Date last seen | Copy number | Koha item type |
|---|---|---|---|---|---|---|---|---|---|---|---|---|---|
| Dewey Decimal Classification | JCC Rouf Library | JCC Rouf Library | General Stacks | 11/16/2017 | 230.00 | 891.4415 RAB 2008 | 5370 | 11/16/2017 | C-1 | Books |